000
00319nam a2200109Ia 4500
008
200302s9999 xx 000 0 und d
100
_a
Stephen R. J. Sheppard
245
_a
Visual Simulation A User's Guide for Archtects Engineers and Planners
260
_b
Van Nostrand Reinhold Co.,
260
_c
1989
300
_a
215 P.,
999
_c
1332
_d
1332